Global terror (Record no. 112104)

MARC details
000 -LEADER
fixed length control field 00338nam a2200145Ia 4500
008 - FIXED-LENGTH DATA ELEMENTS--GENERAL INFORMATION
fixed length control field 230917s9999||||xx |||||||||||||| ||und||
040 ## - CATALOGING SOURCE
-- 55374
Original cataloging agency VIVEKANANDA LIBRARY
041 ## - Language
-- English
082 ## - DDC NUMBER
Classification number 363.325 S57G
100 ## - MAIN ENTRY--PERSONAL NAME
Personal name Sondhi, sunil
245 #0 - TITLE STATEMENT
Title Global terror
260 ## - PUBLICATION, DISTRIBUTION, ETC. (IMPRINT)
Place of publication, distribution, etc New Delhi
Name of publisher, distributor, etc Sanjay
Date of publication, distribution, etc 2001
300 ## - PHYSICAL DESCRIPTION
Pages vii, 268 p.
942 ## - ADDED ENTRY ELEMENTS (KOHA)
Koha item type Books
Holdings
Withdrawn status Lost status Damaged status Not for loan Location (home branch) Sublocation or collection (holding branch) Date acquired Koha issues (times borrowed) Koha full call number Accession No. Koha date last seen Koha item type
        VIVEKANANDA LIBRARY VIVEKANANDA LIBRARY 19/12/2002   363.325 S57G 200428 17/09/2023 Books
        VIVEKANANDA LIBRARY VIVEKANANDA LIBRARY 19/12/2002   363.325 S57G 200429 17/09/2023 Books
        VIVEKANANDA LIBRARY VIVEKANANDA LIBRARY 19/12/2002   363.325 S57G 200430 17/09/2023 Books
        VIVEKANANDA LIBRARY VIVEKANANDA LIBRARY 19/12/2002   363.325 S57G 200431 17/09/2023 Books
        VIVEKANANDA LIBRARY VIVEKANANDA LIBRARY 19/12/2002   363.325 S57G 200432 17/09/2023 Books
© Designed and Maintained by Vivekananda Library, MDU Rohtak